Requiem /

Bibliographic Details
Main Author: Mozart, Wolfgang Amadeus, 1756-1791
Corporate Author: Nederlandse Bachvereniging
Other Authors: Callataÿ, Marie-Noëlle de, Markert, Annette, Getchell, Robert (Tenor), Harvey, Peter (Bass), Veldhoven, Jos van, Bach, Johann Christian, 1735-1782
Format: CD Audio
Language:Latin
Language Notes:Sung in Latin.
Published: [Place of publication not identified] : Channel Classics, [2002]
Subjects:

MARC

Tag First Indicator Second Indicator Subfields
LEADER 00000cjm a2200000Ia 4500
001 in00002193721
005 20151104083246.0
007 sd fungnn---ed
008 030616s2002 xx rqn dei lat d
028 0 2 |a CCS 18198  |b Channel Classics 
035 |a (OCoLC)ocm52441684 
040 |a YEQ  |c YEQ  |d OCLCQ  |d TXA  |d UtOrBLW 
041 0 |d lat  |e lat  |e eng  |g eng  |g ger 
049 |a TXAM 
090 |a M2010.M9  |b R47 2002 
092 |a 782.3238 
100 1 |a Mozart, Wolfgang Amadeus,  |d 1756-1791. 
240 1 0 |a Requiem,  |n K. 626,  |r D minor (Süssmayr).  |l Latin 
245 1 0 |a Requiem /  |c Mozart. Introitus und Kyrie der Totenmesse / J. Chr. Bach. 
264 1 |a [Place of publication not identified] :  |b Channel Classics,  |c [2002] 
264 4 |c ℗2002 
300 |a 1 sound disc (54 min.) :  |b digital ;  |c 4 3/4 in. 
336 |a performed music  |b prm  |2 rdacontent 
337 |a audio  |b s  |2 rdamedia 
338 |a audio disc  |b sd  |2 rdacarrier 
546 |a Sung in Latin. 
511 0 |a Marie-Noëlle de Callataÿ, soprano ; Annette Markert, alto ; Robert Getchell, tenor ; Peter Harvey, bass ; choir and orchestra of The Netherlands Bach Society ; Jos van Veldhoven, conductor. 
518 |a Recorded Oct. 2001, Concerthall, Tilburg, The Netherlands. 
538 |a Compact disc. 
500 |a Program notes in English, Dutch, French, and German, with lyrics in Latin and English (40 pages) inserted in container. 
500 |a Sound recording. 
650 0 |a Requiems. 
700 1 |a Callataÿ, Marie-Noëlle de. 
700 1 |a Markert, Annette. 
700 1 |a Getchell, Robert  |c (Tenor) 
700 1 |a Harvey, Peter  |c (Bass) 
700 1 |a Veldhoven, Jos van. 
700 1 2 |a Bach, Johann Christian,  |d 1735-1782.  |t Messa de' morti. 
710 2 |a Nederlandse Bachvereniging. 
948 |a cataloged  |b h  |c 2006/10/31  |d c  |e cajsmith  |f 3:54:18 pm 
994 |a C0  |b TXA 
999 |a MARS 
999 f f |s 7f2735ef-12e9-3857-a000-74957642c989  |i 7a054d9a-2cc3-3f4c-bfd0-21bc610a8a1e  |t 0 
952 f f |p ric  |a Texas A&M University  |b Rellis Campus  |c Joint Library Facility  |d Remote Storage  |t 0  |e M2010.M9 R47 2002  |h Library of Congress classification  |i audio -- audio disc  |m A14834831749 
998 f f |a M2010.M9 R47 2002  |t 0  |l Remote Storage